00634nam a22002537a 4500003000800000005001700008008004100025020001500066040001700081041001200098082001500110100001700125245001600142250001300158260002400171300002100195650001700216653002200233653002000255653003000275653001300305700003000318700003200348IBSLLIB20260515085741.0260515b |||||||| |||| 00| 0 eng d a0256083428 aIBSLLIBbeng hEnglish a332.6bBOD aBodie , Zvi  aInvestments a2 nd ed. aUSA :bIRWINc1989 a1030 P ;c23 cm  aInvestments  aPortfolio Theory  aCapital Market  aFixed - Income Securities aAnalysis aKane , Alex ,eCo- Author aMarcus J. Alan ,eCo Author